CLINICAL PHARMACY AND PHARMACOTHERAPEUTICS (Record no. 34484)

MARC details
000 -LEADER
fixed length control field 00306nam a22001337a 4500
003 - CONTROL NUMBER IDENTIFIER
control field SGT
020 ## - INTERNATIONAL STANDARD BOOK NUMBER
International Standard Book Number 9789386819253
082 ## - DEWEY DECIMAL CLASSIFICATION NUMBER
Classification number 615
Item number RAV
100 ## - MAIN ENTRY--PERSONAL NAME
Personal name RAVI SHANKAR K
245 ## - TITLE STATEMENT
Title CLINICAL PHARMACY AND PHARMACOTHERAPEUTICS
260 ## - PUBLICATION, DISTRIBUTION, ETC. (IMPRINT)
Place of publication, distribution, etc INDIA
Name of publisher, distributor, etc PHARMA MED
Year of Publication 2018
300 ## - PAGE DESCRIPTION
No. of Pages 1134
942 ## - ADDED ENTRY ELEMENTS (KOHA)
Source of classification or shelving scheme Dewey Decimal Classification
Koha item type Books
Holdings
Withdrawn status Lost status Source of classification or shelving scheme Damaged status Not for loan Collection code Home library Current library Shelving location Date acquired Vendor Name SGTU Bill Number Total Checkouts Full call number Accession No. (Barcode) Date last seen Bill Date Koha item type
    Dewey Decimal Classification     SCIENCE SGT Science & Social Sciences Library SGT Science & Social Sciences Library Text Book 26/03/2026 ABC SGTU 22597   615 RAV DP2009 26/03/2026 09/03/2026 Books
    Dewey Decimal Classification     SCIENCE SGT Science & Social Sciences Library SGT Science & Social Sciences Library Text Book 26/03/2026 ABC SGTU 22597   615 RAV DP2010 26/03/2026 09/03/2026 Books